Welcome to the Holygrace Academy Library

Please use search bar below to get started

CHITHALARIKKATHA CHINTHAKAL (Record no. 5758)

MARC details
000 -LEADER
fixed length control field 00307nam a22001337a 4500
082 ## - DEWEY DECIMAL CLASSIFICATION NUMBER
Classification number 894.812.1
Item number VEA/C
100 ## - MAIN ENTRY--AUTHOR NAME
Personal name VENNIYOOR, RASHEED
245 ## - TITLE STATEMENT
Title CHITHALARIKKATHA CHINTHAKAL
260 ## - PUBLICATION, DISTRIBUTION, ETC. (IMPRINT)
Place of publication VENNIYUR
Name of publisher MANDHARAM
Year of publication 2022
300 ## - PHYSICAL DESCRIPTION
Number of Pages 98
520 ## - SUMMARY, ETC.
Summary, etc MALAYALAM POEM
650 ## - SUBJECT ADDED ENTRY--TOPICAL TERM
Topical Term MALAYALAM POEM
942 ## - ADDED ENTRY ELEMENTS (KOHA)
Koha item type Books
Holdings
Withdrawn status Lost status Collection code Home library Current library Shelving location Date acquired Source of acquisition Cost, normal purchase price Full call number Accession Number Koha item type
    Fiction Main Library Main Library SHELF-16H-MALAYALAM POEMS 04/03/2022 CONTRIBUTION 150.00 894.812.1 VEA/C 12482 Books